<?xml version="1.0" encoding="UTF-8"?>
<record
    xmlns:xsi="http://www.w3.org/2001/XMLSchema-instance"
    xsi:schemaLocation="http://www.loc.gov/MARC21/slim http://www.loc.gov/standards/marcxml/schema/MARC21slim.xsd"
    xmlns="http://www.loc.gov/MARC21/slim">

  <leader>04642nam a22005657a 4500</leader>
  <datafield tag="952" ind1=" " ind2=" ">
    <subfield code="0">0</subfield>
    <subfield code="1">0</subfield>
    <subfield code="2">lcc</subfield>
    <subfield code="4">0</subfield>
    <subfield code="7">0</subfield>
    <subfield code="a">08</subfield>
    <subfield code="b">08</subfield>
    <subfield code="d">2016-04-27</subfield>
    <subfield code="l">2</subfield>
    <subfield code="o">HD58.7 C268 2012</subfield>
    <subfield code="p">08 005848</subfield>
    <subfield code="r">2019-06-05</subfield>
    <subfield code="s">2019-06-05</subfield>
    <subfield code="t">1</subfield>
    <subfield code="w">2016-04-27</subfield>
    <subfield code="y">LB</subfield>
  </datafield>
  <datafield tag="952" ind1=" " ind2=" ">
    <subfield code="0">0</subfield>
    <subfield code="1">0</subfield>
    <subfield code="2">lcc</subfield>
    <subfield code="4">0</subfield>
    <subfield code="7">0</subfield>
    <subfield code="a">20</subfield>
    <subfield code="b">20</subfield>
    <subfield code="d">2016-04-28</subfield>
    <subfield code="l">0</subfield>
    <subfield code="o">HD58.7 C268 2012</subfield>
    <subfield code="p">20 003205</subfield>
    <subfield code="r">2016-04-28</subfield>
    <subfield code="t">1</subfield>
    <subfield code="w">2016-04-28</subfield>
    <subfield code="y">LB</subfield>
  </datafield>
  <datafield tag="952" ind1=" " ind2=" ">
    <subfield code="0">0</subfield>
    <subfield code="1">0</subfield>
    <subfield code="2">lcc</subfield>
    <subfield code="4">0</subfield>
    <subfield code="7">0</subfield>
    <subfield code="a">11</subfield>
    <subfield code="b">11</subfield>
    <subfield code="d">2016-04-28</subfield>
    <subfield code="l">0</subfield>
    <subfield code="o">HD58.7 C268 2012</subfield>
    <subfield code="p">11 013036</subfield>
    <subfield code="r">2016-04-28</subfield>
    <subfield code="t">1</subfield>
    <subfield code="w">2016-04-28</subfield>
    <subfield code="y">LB</subfield>
  </datafield>
  <datafield tag="952" ind1=" " ind2=" ">
    <subfield code="0">0</subfield>
    <subfield code="1">0</subfield>
    <subfield code="4">0</subfield>
    <subfield code="7">0</subfield>
    <subfield code="a">03</subfield>
    <subfield code="b">03</subfield>
    <subfield code="d">2016-05-21</subfield>
    <subfield code="l">0</subfield>
    <subfield code="o">HD58.7 C268 2012</subfield>
    <subfield code="p">03 009029</subfield>
    <subfield code="r">2016-05-21</subfield>
    <subfield code="t">1</subfield>
    <subfield code="w">2016-05-21</subfield>
    <subfield code="y">LB</subfield>
  </datafield>
  <datafield tag="952" ind1=" " ind2=" ">
    <subfield code="0">0</subfield>
    <subfield code="1">0</subfield>
    <subfield code="2">lcc</subfield>
    <subfield code="4">0</subfield>
    <subfield code="7">0</subfield>
    <subfield code="a">08</subfield>
    <subfield code="b">08</subfield>
    <subfield code="d">2016-05-27</subfield>
    <subfield code="l">4</subfield>
    <subfield code="o">HD58.7 C268 2012</subfield>
    <subfield code="p">08 005889</subfield>
    <subfield code="r">2023-07-12</subfield>
    <subfield code="s">2023-07-12</subfield>
    <subfield code="t">2</subfield>
    <subfield code="w">2016-05-27</subfield>
    <subfield code="y">LB</subfield>
  </datafield>
  <datafield tag="952" ind1=" " ind2=" ">
    <subfield code="0">0</subfield>
    <subfield code="1">0</subfield>
    <subfield code="2">lcc</subfield>
    <subfield code="4">0</subfield>
    <subfield code="7">0</subfield>
    <subfield code="a">11</subfield>
    <subfield code="b">11</subfield>
    <subfield code="d">2016-05-30</subfield>
    <subfield code="l">0</subfield>
    <subfield code="o">HD58.7 C268 2012</subfield>
    <subfield code="p">11 013055</subfield>
    <subfield code="r">2016-05-30</subfield>
    <subfield code="t">2</subfield>
    <subfield code="w">2016-05-30</subfield>
    <subfield code="y">LB</subfield>
  </datafield>
  <datafield tag="952" ind1=" " ind2=" ">
    <subfield code="0">0</subfield>
    <subfield code="1">0</subfield>
    <subfield code="4">0</subfield>
    <subfield code="7">0</subfield>
    <subfield code="a">19</subfield>
    <subfield code="b">19</subfield>
    <subfield code="d">2016-05-31</subfield>
    <subfield code="l">0</subfield>
    <subfield code="o">HD58.7 C37</subfield>
    <subfield code="p">19 002585</subfield>
    <subfield code="r">2016-05-31</subfield>
    <subfield code="t">1</subfield>
    <subfield code="w">2016-05-31</subfield>
    <subfield code="y">LB</subfield>
  </datafield>
  <datafield tag="952" ind1=" " ind2=" ">
    <subfield code="0">0</subfield>
    <subfield code="1">0</subfield>
    <subfield code="4">0</subfield>
    <subfield code="7">0</subfield>
    <subfield code="a">04</subfield>
    <subfield code="b">04</subfield>
    <subfield code="d">2016-06-11</subfield>
    <subfield code="l">0</subfield>
    <subfield code="o">HD58.7 D47</subfield>
    <subfield code="p">04 005805</subfield>
    <subfield code="r">2016-06-11</subfield>
    <subfield code="t">1</subfield>
    <subfield code="w">2016-06-11</subfield>
    <subfield code="y">LB</subfield>
  </datafield>
  <datafield tag="952" ind1=" " ind2=" ">
    <subfield code="0">0</subfield>
    <subfield code="1">0</subfield>
    <subfield code="4">0</subfield>
    <subfield code="7">0</subfield>
    <subfield code="a">04</subfield>
    <subfield code="b">04</subfield>
    <subfield code="d">2016-06-11</subfield>
    <subfield code="l">0</subfield>
    <subfield code="o">HD58.7 D47</subfield>
    <subfield code="p">04 005806</subfield>
    <subfield code="r">2016-06-11</subfield>
    <subfield code="t">2</subfield>
    <subfield code="w">2016-06-11</subfield>
    <subfield code="y">LB</subfield>
  </datafield>
  <datafield tag="952" ind1=" " ind2=" ">
    <subfield code="0">0</subfield>
    <subfield code="1">0</subfield>
    <subfield code="2">lcc</subfield>
    <subfield code="4">0</subfield>
    <subfield code="7">0</subfield>
    <subfield code="a">20</subfield>
    <subfield code="b">20</subfield>
    <subfield code="d">2016-06-22</subfield>
    <subfield code="l">0</subfield>
    <subfield code="o">HD58.7 C268 2012</subfield>
    <subfield code="p">20 003248</subfield>
    <subfield code="r">2016-06-22</subfield>
    <subfield code="t">2</subfield>
    <subfield code="w">2016-06-22</subfield>
    <subfield code="y">LB</subfield>
  </datafield>
  <datafield tag="952" ind1=" " ind2=" ">
    <subfield code="0">0</subfield>
    <subfield code="1">0</subfield>
    <subfield code="4">0</subfield>
    <subfield code="7">0</subfield>
    <subfield code="a">04</subfield>
    <subfield code="b">04</subfield>
    <subfield code="d">2016-06-28</subfield>
    <subfield code="l">3</subfield>
    <subfield code="o">HD58.7 D47</subfield>
    <subfield code="p">04 005818</subfield>
    <subfield code="r">2018-05-30</subfield>
    <subfield code="s">2018-05-30</subfield>
    <subfield code="t">3</subfield>
    <subfield code="w">2016-06-28</subfield>
    <subfield code="y">LB</subfield>
  </datafield>
  <datafield tag="952" ind1=" " ind2=" ">
    <subfield code="0">0</subfield>
    <subfield code="1">0</subfield>
    <subfield code="2">lcc</subfield>
    <subfield code="4">0</subfield>
    <subfield code="7">0</subfield>
    <subfield code="a">22</subfield>
    <subfield code="b">22</subfield>
    <subfield code="d">2016-04-30</subfield>
    <subfield code="l">1</subfield>
    <subfield code="o">HD58.7 D47 2012</subfield>
    <subfield code="p">22 001184</subfield>
    <subfield code="r">2018-02-01</subfield>
    <subfield code="s">2018-01-31</subfield>
    <subfield code="t">1</subfield>
    <subfield code="w">2016-07-05</subfield>
    <subfield code="y">LB</subfield>
  </datafield>
  <datafield tag="952" ind1=" " ind2=" ">
    <subfield code="0">0</subfield>
    <subfield code="1">0</subfield>
    <subfield code="2">lcc</subfield>
    <subfield code="4">0</subfield>
    <subfield code="7">0</subfield>
    <subfield code="a">07</subfield>
    <subfield code="b">07</subfield>
    <subfield code="d">2016-07-11</subfield>
    <subfield code="l">0</subfield>
    <subfield code="o">HD58.7 C268 2012</subfield>
    <subfield code="p">07 005867</subfield>
    <subfield code="r">2016-07-11</subfield>
    <subfield code="t">1</subfield>
    <subfield code="w">2016-07-11</subfield>
    <subfield code="y">LB</subfield>
  </datafield>
  <datafield tag="952" ind1=" " ind2=" ">
    <subfield code="0">0</subfield>
    <subfield code="1">0</subfield>
    <subfield code="2">ddc</subfield>
    <subfield code="4">0</subfield>
    <subfield code="7">0</subfield>
    <subfield code="a">15</subfield>
    <subfield code="b">15</subfield>
    <subfield code="d">2016-04-17</subfield>
    <subfield code="l">0</subfield>
    <subfield code="o">658.3 C268d 2012</subfield>
    <subfield code="p">15 008122</subfield>
    <subfield code="r">2017-12-07</subfield>
    <subfield code="t">1</subfield>
    <subfield code="w">2016-07-18</subfield>
    <subfield code="y">LB</subfield>
  </datafield>
  <datafield tag="952" ind1=" " ind2=" ">
    <subfield code="0">0</subfield>
    <subfield code="1">0</subfield>
    <subfield code="2">lcc</subfield>
    <subfield code="4">0</subfield>
    <subfield code="7">0</subfield>
    <subfield code="a">15</subfield>
    <subfield code="b">15</subfield>
    <subfield code="d">2016-05-18</subfield>
    <subfield code="l">0</subfield>
    <subfield code="o">658.3 C268d 2012</subfield>
    <subfield code="p">15 008190</subfield>
    <subfield code="r">2017-12-07</subfield>
    <subfield code="t">2</subfield>
    <subfield code="w">2016-07-22</subfield>
    <subfield code="y">LB</subfield>
  </datafield>
  <datafield tag="952" ind1=" " ind2=" ">
    <subfield code="0">0</subfield>
    <subfield code="1">0</subfield>
    <subfield code="2">lcc</subfield>
    <subfield code="4">0</subfield>
    <subfield code="7">0</subfield>
    <subfield code="a">22</subfield>
    <subfield code="b">22</subfield>
    <subfield code="d">2016-08-25</subfield>
    <subfield code="l">6</subfield>
    <subfield code="o">HD58.7 C268 2012</subfield>
    <subfield code="p">06 003225</subfield>
    <subfield code="r">2019-04-22</subfield>
    <subfield code="s">2019-04-22</subfield>
    <subfield code="t">1</subfield>
    <subfield code="w">2016-08-25</subfield>
    <subfield code="y">LB</subfield>
  </datafield>
  <datafield tag="952" ind1=" " ind2=" ">
    <subfield code="0">0</subfield>
    <subfield code="1">0</subfield>
    <subfield code="2">lcc</subfield>
    <subfield code="4">0</subfield>
    <subfield code="7">0</subfield>
    <subfield code="a">09</subfield>
    <subfield code="b">09</subfield>
    <subfield code="d">2016-09-14</subfield>
    <subfield code="l">0</subfield>
    <subfield code="o">HD58.7 C268</subfield>
    <subfield code="p">09 001249</subfield>
    <subfield code="r">2016-09-14</subfield>
    <subfield code="t">1</subfield>
    <subfield code="w">2016-09-14</subfield>
    <subfield code="y">LB</subfield>
  </datafield>
  <datafield tag="952" ind1=" " ind2=" ">
    <subfield code="0">0</subfield>
    <subfield code="1">0</subfield>
    <subfield code="2">lcc</subfield>
    <subfield code="4">0</subfield>
    <subfield code="7">0</subfield>
    <subfield code="a">09</subfield>
    <subfield code="b">09</subfield>
    <subfield code="d">2016-09-15</subfield>
    <subfield code="l">0</subfield>
    <subfield code="o">HD58.7 C268</subfield>
    <subfield code="p">09 001503</subfield>
    <subfield code="r">2016-09-15</subfield>
    <subfield code="t">2</subfield>
    <subfield code="w">2016-09-15</subfield>
    <subfield code="y">LB</subfield>
  </datafield>
  <datafield tag="952" ind1=" " ind2=" ">
    <subfield code="0">0</subfield>
    <subfield code="1">0</subfield>
    <subfield code="2">lcc</subfield>
    <subfield code="4">0</subfield>
    <subfield code="7">0</subfield>
    <subfield code="a">21</subfield>
    <subfield code="b">21</subfield>
    <subfield code="d">2016-09-21</subfield>
    <subfield code="l">1</subfield>
    <subfield code="o">HD58.7 C373</subfield>
    <subfield code="p">21 003230</subfield>
    <subfield code="r">2025-09-11</subfield>
    <subfield code="s">2016-12-13</subfield>
    <subfield code="t">1</subfield>
    <subfield code="w">2016-09-21</subfield>
    <subfield code="y">LB</subfield>
  </datafield>
  <datafield tag="952" ind1=" " ind2=" ">
    <subfield code="0">0</subfield>
    <subfield code="1">0</subfield>
    <subfield code="2">lcc</subfield>
    <subfield code="4">0</subfield>
    <subfield code="7">0</subfield>
    <subfield code="a">22</subfield>
    <subfield code="b">22</subfield>
    <subfield code="d">2016-11-11</subfield>
    <subfield code="l">7</subfield>
    <subfield code="o">HD58.7 C268 2012</subfield>
    <subfield code="p">06 003310</subfield>
    <subfield code="r">2019-05-29</subfield>
    <subfield code="s">2019-05-29</subfield>
    <subfield code="t">2</subfield>
    <subfield code="w">2016-11-11</subfield>
    <subfield code="y">LB</subfield>
  </datafield>
  <datafield tag="952" ind1=" " ind2=" ">
    <subfield code="0">0</subfield>
    <subfield code="1">0</subfield>
    <subfield code="4">0</subfield>
    <subfield code="7">0</subfield>
    <subfield code="a">18</subfield>
    <subfield code="b">18</subfield>
    <subfield code="d">2016-12-17</subfield>
    <subfield code="l">0</subfield>
    <subfield code="o">HF5549 D47</subfield>
    <subfield code="p">18 004149</subfield>
    <subfield code="r">2016-12-17</subfield>
    <subfield code="t">1</subfield>
    <subfield code="w">2016-12-17</subfield>
    <subfield code="y">LB</subfield>
  </datafield>
  <datafield tag="952" ind1=" " ind2=" ">
    <subfield code="0">0</subfield>
    <subfield code="1">0</subfield>
    <subfield code="4">0</subfield>
    <subfield code="7">0</subfield>
    <subfield code="a">18</subfield>
    <subfield code="b">18</subfield>
    <subfield code="d">2016-12-17</subfield>
    <subfield code="l">0</subfield>
    <subfield code="o">HF5549 D47</subfield>
    <subfield code="p">18 004156</subfield>
    <subfield code="r">2024-08-29</subfield>
    <subfield code="t">2</subfield>
    <subfield code="w">2016-12-17</subfield>
    <subfield code="y">LB</subfield>
  </datafield>
  <datafield tag="999" ind1=" " ind2=" ">
    <subfield code="c">99530</subfield>
    <subfield code="d">99530</subfield>
  </datafield>
  <controlfield tag="005">20231102151925.0</controlfield>
  <controlfield tag="008">160427s2012    ag a|||| |||| 00| 0 spa d</controlfield>
  <datafield tag="020" ind1=" " ind2=" ">
    <subfield code="a">9789871826476</subfield>
  </datafield>
  <datafield tag="050" ind1="1" ind2="4">
    <subfield code="a">HD58.7</subfield>
    <subfield code="b">C268</subfield>
  </datafield>
  <datafield tag="082" ind1=" " ind2=" ">
    <subfield code="a">658.3 </subfield>
    <subfield code="b">C268d</subfield>
  </datafield>
  <datafield tag="100" ind1=" " ind2=" ">
    <subfield code="a">Cardozo, Alejandro Pablo</subfield>
    <subfield code="e">autor</subfield>
  </datafield>
  <datafield tag="245" ind1="0" ind2="0">
    <subfield code="a">Desarrollo humano en las organizaciones</subfield>
    <subfield code="c"> / Alejandro Pablo Cardozo [et. al].</subfield>
  </datafield>
  <datafield tag="260" ind1="3" ind2=" ">
    <subfield code="a">Buenos Aires</subfield>
    <subfield code="b"> : Temas</subfield>
    <subfield code="c">, 2012</subfield>
  </datafield>
  <datafield tag="300" ind1=" " ind2=" ">
    <subfield code="a">344 p&#xE1;ginas</subfield>
    <subfield code="c"> : ilustraciones</subfield>
  </datafield>
  <datafield tag="505" ind1="1" ind2=" ">
    <subfield code="a">Los Autores
Introducci&#xF3;n
La gesti&#xF3;n de recursos humanos, un rompecabezas a medida de cada empresa
La globalidad exige otra visi&#xF3;n del &#xE1;rea de recursos humanos
Modelos organizacionales para la funci&#xF3;n de recursos humanos en la Argentina
Empleos 2.0. El proceso de b&#xFA;squeda y selecci&#xF3;n de personal en tiempos virtuales
Comunicaci&#xF3;n organizacional y sus nuevos desaf&#xED;o
Administraci&#xF3;n de remuneraciones
Direcci&#xF3;n de relaciones laborales
Capacitaci&#xF3;n y desarrollo. Entendiendo la formaci&#xF3;n como socio estrat&#xE9;gico para el &#xE9;xito del negocio 
Las comunidades de pr&#xE1;ctica: una herramienta para crear conocimiento e innovaci&#xF3;n en la empresa
La consultor&#xED;a en recursos humanos
Anexo: S&#xED;ntesis de trabajos de investigaci&#xF3;n de alumnos de 4&#xBA; a&#xF1;o de la Lic. en recursos humanos de UADE</subfield>
  </datafield>
  <datafield tag="519" ind1=" " ind2=" ">
    <subfield code="a">Educaci&#xF3;n Mixta / </subfield>
    <subfield code="b">Psicolog&#xED;a / </subfield>
    <subfield code="c">Psicolog&#xED;a Social en las Organizaciones (P08-3) /</subfield>
    <subfield code="d">(08 005848, 08 005889)</subfield>
  </datafield>
  <datafield tag="519" ind1=" " ind2=" ">
    <subfield code="a">Educaci&#xF3;n Mixta / </subfield>
    <subfield code="b">Psicolog&#xED;a / </subfield>
    <subfield code="c">Psicolog&#xED;a Social en las Organizaciones (P08-3) /</subfield>
    <subfield code="d">(11 013036)</subfield>
  </datafield>
  <datafield tag="519" ind1=" " ind2=" ">
    <subfield code="a">Plan Flexible / 
 </subfield>
    <subfield code="b">Psicolog&#xED;a / 
</subfield>
    <subfield code="c">Temas Selectos de Psicolog&#xED;a del Trabajo (P26-3) /
</subfield>
    <subfield code="d">(20 003205)
</subfield>
  </datafield>
  <datafield tag="519" ind1=" " ind2=" ">
    <subfield code="a">Plan Flexible / </subfield>
    <subfield code="b">Psicolog&#xED;a / </subfield>
    <subfield code="c">Psicolog&#xED;a Social de las Organizaciones (P08-2) /</subfield>
    <subfield code="d">(20 003248)</subfield>
  </datafield>
  <datafield tag="519" ind1=" " ind2=" ">
    <subfield code="a">Educaci&#xF3;n Mixta / </subfield>
    <subfield code="b">Psicolog&#xED;a / </subfield>
    <subfield code="c">Psicolog&#xED;a Social de las Organizaciones (P08-2) /</subfield>
    <subfield code="d">(03 009029)</subfield>
  </datafield>
  <datafield tag="519" ind1=" " ind2=" ">
    <subfield code="a">Educaci&#xF3;n Mixta / </subfield>
    <subfield code="b">Psicolog&#xED;a / </subfield>
    <subfield code="c">Temas Selectos de Psicolog&#xED;a Social (P28-1) /</subfield>
    <subfield code="d">(04 005805)</subfield>
  </datafield>
  <datafield tag="519" ind1=" " ind2=" ">
    <subfield code="a">Educaci&#xF3;n Mixta / </subfield>
    <subfield code="b">Psicolog&#xED;a / </subfield>
    <subfield code="c">Psicolog&#xED;a Social de las Organizaciones (P08-2) /</subfield>
    <subfield code="d">(07 005867)</subfield>
  </datafield>
  <datafield tag="519" ind1=" " ind2=" ">
    <subfield code="a">Educaci&#xF3;n Mixta / </subfield>
    <subfield code="b">Psicolog&#xED;a / </subfield>
    <subfield code="c">Psicolog&#xED;a Social de las Organizaciones (P08-3) / </subfield>
    <subfield code="d">(06 003225)</subfield>
  </datafield>
  <datafield tag="519" ind1=" " ind2=" ">
    <subfield code="a">Educaci&#xF3;n Mixta / </subfield>
    <subfield code="b">Psicolog&#xED;a / </subfield>
    <subfield code="c">Capacitaci&#xF3;n y Desarrollo de Personal (P18-2) / </subfield>
    <subfield code="d">(06 003310)</subfield>
  </datafield>
  <datafield tag="519" ind1=" " ind2=" ">
    <subfield code="a">Educaci&#xF3;n Mixta /</subfield>
    <subfield code="b">Psicolog&#xED;a / </subfield>
    <subfield code="c">Psicolog&#xED;a Social de las Organizaciones (P08-2) /</subfield>
    <subfield code="d">(21 003230)</subfield>
  </datafield>
  <datafield tag="519" ind1=" " ind2=" ">
    <subfield code="a">Educaci&#xF3;n Mixta /</subfield>
    <subfield code="b">Psicolog&#xED;a /</subfield>
    <subfield code="c">Material Complementario /</subfield>
    <subfield code="d">(22 001184)</subfield>
  </datafield>
  <datafield tag="519" ind1=" " ind2=" ">
    <subfield code="a">Educaci&#xF3;n Mixta / </subfield>
    <subfield code="b">Psicolog&#xED;a / </subfield>
    <subfield code="c">Psicolog&#xED;a Social de las Organizaciones (P08) / </subfield>
    <subfield code="d">(09 001249, 09 001503)</subfield>
  </datafield>
  <datafield tag="519" ind1=" " ind2=" ">
    <subfield code="a">Material Complementario / </subfield>
    <subfield code="d">(18 004149, 18 004156)</subfield>
  </datafield>
  <datafield tag="519" ind1=" " ind2=" ">
    <subfield code="a">Educaci&#xF3;n Mixta / </subfield>
    <subfield code="b">Psicolog&#xED;a / </subfield>
    <subfield code="c">Psicolog&#xED;a social de las organizaciones (P08-4) / </subfield>
    <subfield code="d">(19 002585)</subfield>
  </datafield>
  <datafield tag="650" ind1="1" ind2="0">
    <subfield code="a">DESARROLLO HUMANO</subfield>
  </datafield>
  <datafield tag="650" ind1="2" ind2="0">
    <subfield code="a">ORGANIZACIONES</subfield>
  </datafield>
  <datafield tag="650" ind1=" " ind2="0">
    <subfield code="a">EMPRESAS FAMILIARES</subfield>
    <subfield code="x">PSICOLOG&#xCD;A</subfield>
    <subfield code="z">ARGENTINA</subfield>
  </datafield>
  <datafield tag="650" ind1=" " ind2="0">
    <subfield code="a">ADMINISTRACI&#xD3;N DE EMPRESAS</subfield>
    <subfield code="x">ADMINISTRACI&#xD3;N</subfield>
    <subfield code="z">ARGENTINA</subfield>
  </datafield>
  <datafield tag="700" ind1=" " ind2=" ">
    <subfield code="a">Barasch, Rub&#xE9;n</subfield>
    <subfield code="e">autor</subfield>
  </datafield>
  <datafield tag="942" ind1=" " ind2=" ">
    <subfield code="c">LB</subfield>
    <subfield code="2">lcc</subfield>
  </datafield>
</record>
